| 000 | 01090nam0a22002651 4500 | ||
|---|---|---|---|
| 001 | rc\1050063 | ||
| 005 | 20250622092400.0 | ||
| 035 | _a(NLR Aleph) 006211598 | ||
| 090 |
_a6374342 _c6374342 |
||
| 100 | _a20041129d1981 |||y0rusy50 ca | ||
| 101 | 0 | _arus | |
| 102 | _aRU | ||
| 105 | _aa ||||||||| | ||
| 200 | 1 |
_aАнтикоррозионная защита в промышленном строительстве _fЯ. Фиалковский, Б. Игнатович, А. Квятковский _gСокр. пер. с польского С.Д. Ланской _gПод ред. В.П. Шевякова |
|
| 210 |
_aМ. _cСтройиздат _d1981 |
||
| 215 |
_a161 с. _cил. _d21 |
||
| 300 | _aПеревод изд.: Zabezpieçzenia antykorozyine w budownictwie przemystowym / Janusz Fijatkowski, Bohdan Ihnatowi̡cz, Andrzej Kwiatkowski (Arkady) | ||
| 700 | 1 |
_aФиалковский _bЯ. |
|
| 701 | 1 |
_aИгнатович _bБ. |
|
| 701 | 1 |
_aКвятковский _bА. |
|
| 801 | 0 |
_aRU _bNLR _gpsbo |
|
| 801 | 1 |
_aRU _bELAR _2rusmarc |
|
| 852 |
_aNLR _j82-5/1442 |
||
| 942 | _cBOOK | ||
| 980 | _aNB | ||